000 01573cam a22004097a 4500
003 CHAP
005 20220817043424.0
008 980316d1997 mx b r 00110 spa d
010 _a74961
011 _a75933
035 _a85506
040 _cCHAP
090 _aTesis
100 0 0 _aLozano Torres, Omar.
_968806
245 1 0 _aPerspectivas de exportación de flores de corte a los Estados Unidos ante la apertura comercial del TLCAN
_c/por Omar Lozano Torres y Tomás Cuauhtémoc Aguirre Aguirre
260 _aChapingo, Méx. :
_bEl autor,
_c1997.
300 _a85 h. :
_bgráfs. ; mapa ; anexos
502 _aTesis (Lic. en Comercio Internacional de Productos Agropecuarios) -- UACH. Departamento de Economía Agrícola
590 _aALEPH
_b10
_c20130110
_lUCH01
_h1422
590 _aBATCH-UPD
_b10
_c20130110
_lUCH01
_h0537
590 _aBATCH-UPD
_b10
_c20130410
_lUCH01
_h0218
590 _aBATCH-UPD
_b10
_c20130913
_lUCH01
_h2316
590 _aCONVERSION
_b10
_c20130109
_lUCH01
_h1341
650 1 4 _aComercio internacional.
_925641
650 1 4 _aFlores
_xCorte.
_941368
650 1 4 _aFlores
_xExportación.
_941378
650 1 4 _aFlores
_xMercadeo.
_941388
650 1 4 _aFloricultura
_zMéxico.
_941852
650 1 4 _aTratado Trilateral de Libre Comercio.
700 0 _aAguirre Aguirre, Tomás Cuauhtémoc.
_92946
901 _aBK
905 _aLilia Sánchez G.
942 _cFOLL
949 _bBC
_cTES
_d33724000586004
_eTS2
_fc.2
_h32381
_i85506
_sb
949 _bBC
_cTES
_d33724000600078
_eTS2
_fc.3
_h32677
_i85506
_si
949 _bBC
_cTES
_d855061
_eTS1
_h32380
_i85506
_sb
999 _c74961
_d74961